Thai BTS Skytrain - Sukhumvit Line Stations - Statistics

General Stats
  • This quiz has been taken 324 times
  • The average score is 11 of 48
Answer Stats
Station Number Station Name % Correct
CEN Siam
93%
E4 Asok
62%
E3 Nana
61%
N24 Khu Khot
49%
E1 Chit Lom
43%
N8 Mo Chit
43%
N5 Ari
42%
N2 Phaya Thai
39%
N3 Victory Monument
39%
E13 Bang Na
38%
E23 Kheha
35%
E7 Ekkamai
33%
E6 Thong Lo
33%
N1 Ratchathewi
29%
N4 Sanam Pao
27%
E9 On Nut
25%
E5 Phrom Phong
25%
E12 Udom Suk
25%
E15 Samrong
22%
E14 Bearing
21%
E10 Bang Chak
20%
E8 Phra Khanong
18%
N7 Saphan Khwai
18%
N15 Bang Bua
17%
E2 Phloen Chit
17%
E19 Pak Nam
16%
N11 Ratchayothin
16%
N20 Saphan Mai
15%
E11 Punnawithi
14%
N23 Yaek Kor Por Aor
14%
N9 Ha Yaek Lat Phrao
13%
N19 Sai Yud
13%
E17 Chang Erawan
12%
N10 Phahon Yothin 24/Phahon Yothin Twenty-Four/ Phahon Yothin Twenty Four
12%
N22 Royal Thai Air Force Museum
12%
E16 Pu Chao
11%
N12 Sena Nikhom
11%
N18 Phahon Yothin 59/Phahon Yothin Fifty-Nine/ Phahon Yothin Fifty Nine
10%
N16 11th Infantry Regiment/Eleventh Infantry Regiment
8%
N14 Royal Forest Department
8%
N6 Sena Ruam
8%
E21 Phraek Sa
7%
E18 Royal Thai Naval Academy
7%
E22 Sai Luat
7%
E20 Srinagarindra
6%
N21 Bhumiphol Adulyadej Hospital
4%
N17 Wat Phra Si Mahathat
3%
N13 Kasertart University
2%
No matching quizzes found
Score Distribution
Percent of People with Each Score
Percentile by Number Answered
Your Score History
You have not taken this quiz